000 00871nam a2200265Ia 4500
003 OSt
005 20220927102939.0
006 a|||||r|||| 00| 0
007 ta
008 220926b |||||||| |||| 00| 0 eng d
024 _a26057
037 _cReference Collections
040 _aRTL
_cRTL
_beng
041 _2eng
_aeng
082 _a"X:53.2.N64t, K6/GD"
110 _a"India, Commerce (Ministry of-), Tariff (Revision Committe) (1964)"
_9351676
245 0 _aReport on the customs tariff. Part I
260 _aNew
_bDelhi Ministry of Commerce India
_c1966
300 _a454p
_ccm.
490 _vPart 2 :106p
500 _aChairman: S Subramanian
700 _a"India, Commerce (Ministry of-), Tariff (Revision Committe) (1964)"
_9351677
942 _h"X:53.2.N64t, K6/GD"
_cCC
999 _c679569
_d679569